| 000 | 00609cam a22001577a 4500 | ||
|---|---|---|---|
| 008 | 180718b2002 xxu||||| |||| 00| 0 eng d | ||
| 082 | _aPROJ.REP. 2002/PAD | ||
| 100 | _aPadmanabhan, K. | ||
| 245 |
_aUrban local governance with special reference to Tirupattur municipality _cby K. Padmanabhan |
||
| 260 |
_aTirupattur _bIndian Institute of Public Administration _c2002 |
||
| 300 | _a139p. | ||
| 500 | _aProject report submitted to the Indian Institute of Public Administration, New Delhi | ||
| 650 | _aGovernance - India | ||
| 650 | _aUrbanization - India | ||
| 650 | _aLocal government - India - Tirupattar | ||
| 999 |
_c492036 _d492036 |
||